All MiLB Teams Map Quiz - Statistics

General Stats
  • This quiz has been taken 598 times
    38 since last reset
  • The average score is 54 of 120
Answers on the Map
Answers color-coded by a green-red scale on the quiz's map according to % correct below.
 
Answer Stats
MLB Team % Correct
AAA Chicago Cubs Iowa Cubs
84%
A+ Chicago Cubs South Bend Cubs
84%
A New York Mets St. Lucie Mets
80%
AAA New York Mets Syracuse Mets
80%
AAA Pittsburgh Pirates Indianapolis Indians
76%
A+ Colorado Rockies Spokane Indians
76%
AA St. Louis Cardinals Springfield Cardinals
72%
AAA Colorado Rockies Albuquerque Isotopes
68%
AAA Cincinnati Reds Louisville Bats
68%
A St. Louis Cardinals Palm Beach Cardinals
68%
AAA Boston Red Sox Worcester Red Sox
68%
AAA Baltimore Orioles Norfolk Tides
64%
AA Cleveland Guardians Akron Rubberducks
60%
AAA Chicago White Sox Charlotte Knights
60%
AAA Tampa Bay Rays Durham Bulls
60%
AAA San Diego Padres El Paso Chihuahuas
60%
A Washington Nationals Fredericksburg Nationals
60%
AAA St. Louis Cardinals Memphis Redbirds
60%
A San Francisco Giants San Jose Giants
60%
AA Pittsburgh Pirates Altoona Curve
56%
AA Baltimore Orioles Chesapeake Baysox
56%
AAA Cleveland Guardians Columbus Clippers
56%
AA Colorado Rockies Hartford Yard Goats
56%
A San Diego Padres Lake Elsinore Storm
56%
AAA Milwaukee Brewers Nashville Sounds
56%
AA Boston Red Sox Portland Sea Dogs
56%
AAA Arizona Diamondbacks Reno Aces
56%
AA Los Angeles Angels Rocket City Trash Pandas
56%
AAA Los Angeles Angels Salt Lake Bees
56%
AA San Diego Padres San Antonio Missions
56%
AA Los Angeles Dodgers Tulsa Drillers
56%
AA New York Mets Binghamton Rumble Ponies
52%
A+ New York Mets Brooklyn Cyclones
52%
AAA Toronto Blue Jays Buffalo Bisons
52%
AA Houston Astros Corpus Christi Hooks
52%
A Toronto Blue Jays Dunedin Blue Jays
52%
A Colorado Rockies Fresno Grizzlies
52%
AAA Philadelphia Phillies Lehigh Valley IronPigs
52%
AAA Kansas City Royals Omaha Storm Chasers
52%
AAA Washington Nationals Rochester Red Wings
52%
AA New York Yankees Somerset Patriots
52%
AAA Minnesota Twins St. Paul Saints
52%
AAA Seattle Mariners Tacoma Rainiers
52%
AAA Detroit Tigers Toledo Mud Hens
52%
AA Arizona Diamondbacks Amarillo Sod Poodles
48%
AA Seattle Mariners Arkansas Travelers
48%
AA Chicago White Sox Birmingham Barons
48%
AA Cincinnati Reds Chattanooga Lookouts
48%
AA Detroit Tigers Erie SeaWolves
48%
AA Washington Nationals Harrisburg Senators
48%
A+ Arizona Diamondbacks Hillsboro Hops
48%
A+ Philadelphia Phillies Jersey Shore BlueClaws
48%
AAA Athletics Las Vegas Aviators
48%
AA Tampa Bay Rays Montgomery Biscuits
48%
AA Miami Marlins Pensacola Blue Wahoos
48%
AAA Texas Rangers Round Rock Express
48%
AAA San Francisco Giants Sacramento River Cats
48%
AAA New York Yankees Scranton/Wilkes-Barre RailRiders
48%
AAA Houston Astros Sugar Land Space Cowboys
48%
AA Milwaukee Brewers Biloxi Shuckers
44%
A+ Pittsburgh Pirates Greensboro Grasshoppers
44%
AAA Atlanta Braves Gwinnett Stripers
44%
AAA Miami Marlins Jacksonville Jumbo Shrimp
44%
A+ Athletics Lansing Lugnuts
44%
A Chicago Cubs Myrtle Beach Pelicans
44%
AA Toronto Blue Jays New Hampshire Fisher Cats
44%
A+ St. Louis Cardinals Peoria Chiefs
44%
AA Philadelphia Phillies Reading Fightin Phils
44%
AA San Francisco Giants Richmond Flying Squirrels
44%
A+ Toronto Blue Jays Vancouver Canadians
44%
A+ Milwaukee Brewers Wisconsin Timber Rattlers
44%
A+ Cincinnati Reds Dayton Dragons
40%
A+ Seattle Mariners Everett AquaSox
40%
AA Texas Rangers Frisco RoughRiders
40%
AA Athletics Midland RockHounds
40%
AA Kansas City Royals Northwest Arkansas Naturals
40%
AAA Los Angeles Dodgers Oklahoma City Comets
40%
A+ Washington Nationals Wilmington Blue Rocks
40%
A+ Tampa Bay Rays Bowling Green Hot Rods
36%
AA Atlanta Braves Columbus Clingstones
36%
A+ Los Angeles Dodgers Great Lakes Loons
36%
A+ New York Yankees Hudson Valley Renegades
36%
A Seattle Mariners Inland Empire 66ers
36%
AA Chicago Cubs Knoxville Smokies
36%
A+ Cleveland Guardians Lake County Captains
36%
A+ Chicago White Sox Winston-Salem Dash
36%
A+ Houston Astros Asheville Tourists
32%
A+ Miami Marlins Beloit Sky Carp
32%
A Pittsburgh Pirates Bradenton Marauders
32%
A Tampa Bay Rays Charleston RiverDogs
32%
A Philadelphia Phillies Clearwater Threshers
32%
A Baltimore Orioles Delmarva Shorebirds
32%
A+ San Francisco Giants Eugene Emeralds
32%
A Houston Astros Fayetteville Woodpeckers
32%
A+ San Diego Padres Fort Wayne TinCaps
32%
A+ Boston Red Sox Greenville Drive
32%
A Los Angeles Dodgers Ontario Tower Buzzers
32%
A+ Kansas City Royals Quad Cities River Bandits
32%
A+ Detroit Tigers West Michigan Whitecaps
32%
A Atlanta Braves Augusta GreenJackets
28%
A+ Minnesota Twins Cedar Rapids Kernels
28%
A Kansas City Royals Columbia Fireflies
28%
A Cincinnati Reds Daytona Tortugas
28%
A+ Baltimore Orioles Frederick Keys
28%
A Chicago White Sox Kannapolis Cannon Ballers
28%
A Los Angeles Angels Rancho Cucamonga Quakes
28%
A New York Yankees Tampa Tarpons
28%
A+ Los Angeles Angels Tri-City Dust Devils
28%
A Arizona Diamondbacks Visalia Rawhide
28%
AA Minnesota Twins Wichita Wind Surge
28%
A Minnesota Twins Fort Myers Mighty Mussels
24%
A+ Texas Rangers Hub City Spartanburgers
24%
A+ Atlanta Braves Rome Emperors
24%
A Athletics Stockton Ports
24%
A Texas Rangers Hickory Crawdads
20%
A Miami Marlins Jupiter Hammerheads
20%
A Detroit Tigers Lakeland Flying Tigers
20%
A Milwaukee Brewers Wilson Warbirds
20%
A Boston Red Sox Salem RidgeYaks
16%
A Cleveland Guardians Hill City Howlers
12%
No matching quizzes found
Score Distribution
Percent of People with Each Score
Percentile by Number Answered
Your Score History
You have not taken this quiz since the last reset